Computer organization and design : (Record no. 13510)
[ view plain ]
| 000 -LEADER | |
|---|---|
| fixed length control field | 01423cam a2200337 a 4500 |
| 001 - CONTROL NUMBER | |
| control field | 13711827 |
| 005 - DATE AND TIME OF LATEST TRANSACTION | |
| control field | 20161020142117.0 |
| 008 - FIXED-LENGTH DATA ELEMENTS--GENERAL INFORMATION | |
| fixed length control field | 040812s2004 ne a b 001 0 eng d |
| 010 ## - LIBRARY OF CONGRESS CONTROL NUMBER | |
| LC control number | 2004400333 |
| 020 ## - INTERNATIONAL STANDARD BOOK NUMBER | |
| International Standard Book Number | 9780123744937 |
| 040 ## - CATALOGING SOURCE | |
| Original cataloging agency | CSL |
| Transcribing agency | CSL |
| Modifying agency | DLC |
| 042 ## - AUTHENTICATION CODE | |
| Authentication code | lccopycat |
| 050 00 - LIBRARY OF CONGRESS CALL NUMBER | |
| Classification number | QA76.9.C643 |
| Item number | P37 2004 |
| 082 00 - DEWEY DECIMAL CLASSIFICATION NUMBER | |
| Classification number | 004.22 |
| Edition number | 22 |
| Item number | PAT |
| 100 1# - MAIN ENTRY--PERSONAL NAME | |
| Personal name | Patterson, David A. |
| 9 (RLIN) | 11909 |
| 245 10 - TITLE STATEMENT | |
| Title | Computer organization and design : |
| Remainder of title | the hardware/software interface / |
| Statement of responsibility, etc | David A. Patterson, John L. Hennessy ; with a contribution by Peter J. Ashenden, James R. Larus, Daniel J. Sorin. |
| 250 ## - EDITION STATEMENT | |
| Edition statement | 4th. ed. |
| 260 ## - PUBLICATION, DISTRIBUTION, ETC. (IMPRINT) | |
| Place of publication, distribution, etc | Amsterdam ; |
| -- | Boston : |
| Name of publisher, distributor, etc | Elsevier/Morgan Kaufmann, |
| Date of publication, distribution, etc | c2009. |
| 300 ## - PHYSICAL DESCRIPTION | |
| Extent | xvii, 703 p., I1-16 : |
| Other physical details | ill. ; |
| Dimensions | 23 cm. + |
| Accompanying material | 1 CD-ROM (4 3/4 in.) |
| 500 ## - GENERAL NOTE | |
| General note | On t.p. of previous ed. John L. Hennessy's name appeared first. |
| 500 ## - GENERAL NOTE | |
| General note | Includes Index. |
| 504 ## - BIBLIOGRAPHY, ETC. NOTE | |
| Bibliography, etc | Includes bibliographical references and index. |
| 650 #0 - SUBJECT ADDED ENTRY--TOPICAL TERM | |
| Topical term or geographic name as entry element | Computer organization. |
| 9 (RLIN) | 11910 |
| 650 #0 - SUBJECT ADDED ENTRY--TOPICAL TERM | |
| Topical term or geographic name as entry element | Computer interfaces. |
| 9 (RLIN) | 11912 |
| 650 #0 - SUBJECT ADDED ENTRY--TOPICAL TERM | |
| 9 (RLIN) | 11911 |
| Topical term or geographic name as entry element | Computer engineering |
| 700 1# - ADDED ENTRY--PERSONAL NAME | |
| Personal name | Hennessy, John L. |
| 9 (RLIN) | 11913 |
| 856 41 - ELECTRONIC LOCATION AND ACCESS | |
| Materials specified | Table of contents |
| Uniform Resource Identifier | <a href="http://www.loc.gov/catdir/toc/els051/2004400333.html">http://www.loc.gov/catdir/toc/els051/2004400333.html</a> |
| 856 42 - ELECTRONIC LOCATION AND ACCESS | |
| Materials specified | Publisher description |
| Uniform Resource Identifier | <a href="http://www.loc.gov/catdir/description/els051/2004400333.html">http://www.loc.gov/catdir/description/els051/2004400333.html</a> |
| 942 ## - ADDED ENTRY ELEMENTS (KOHA) | |
| Source of classification or shelving scheme | Dewey Decimal Classification |
| Item type | Book - Borrowing |
| Withdrawn status | Item status | Source of classification or shelving scheme | Damaged status | Not for loan | Vendor | Home library | Current library | Shelving location | Date acquired | Source of acquisition | Cost, normal purchase price | Serial Enumeration / chronology | Total Checkouts | Total Renewals | Full call number | Barcode | Date last seen | Date last borrowed | Koha item type |
|---|---|---|---|---|---|---|---|---|---|---|---|---|---|---|---|---|---|---|---|
| Dewey Decimal Classification | Alahram | Central Library | Central Library | Lower Floor | 25/02/2010 | 248.00 | 40 | 5 | 3 | 004.22 PAT | 000019877 | 15/07/2025 | 27/04/2019 | Book - Borrowing | |||||
| Dewey Decimal Classification | Alahram | Central Library | Central Library | Lower Floor | 25/02/2010 | 248.00 | 40 | 1 | 004.22 PAT | 000019876 | 24/08/2022 | 20/03/2011 | CD | DVD - With book |